LIBRARY & INFORMATION CENTRE, KCAET, TAVANUR

ONLINE PUBLIC ACCESS CATALOGUE (OPAC)

Text book of engineering workshop technology, Part.I / (Record no. 8767)

MARC details
000 -LEADER
fixed length control field 00383cam a2200145ua 4500
041 ## - LANGUAGE CODE
Language code of text/sound track or separate title eng
082 ## - DEWEY DECIMAL CLASSIFICATION NUMBER
Classification number 621.9
Item number DIX/TE
100 ## - MAIN ENTRY--AUTHOR NAME
Personal name Dixit, C.G.
245 ## - TITLE STATEMENT
Title Text book of engineering workshop technology, Part.I /
260 ## - PUBLICATION, DISTRIBUTION, ETC. (IMPRINT)
Place of publication Poona :
Name of publisher United Book Corporation ,
Year of publication 1960.
300 ## - PHYSICAL DESCRIPTION
Number of Pages 232 ; .
942 ## - ADDED ENTRY ELEMENTS (KOHA)
Koha item type Books
Holdings
Withdrawn status Lost status Damaged status Home library Current library Date acquired Cost, normal purchase price Full call number Accession Number Koha item type
Withdrawn     KAUAET KAUAET 07/04/2012 6.00 621.9 3034 Books
free website counter